[Event "Llinars del Valles op-A 13th"]
[Site "Llinars del Valles"]
[Date "2019.06.01"]
[Round "6"]
[White "Ritter Aguilar, Jordi"]
[Black "Iglesias Rodriguez, Joel"]
[Result "1-0"]
[WhiteElo "1828"]
[BlackElo "1802"]
[PlyCount "53"]
[EventDate "2019.03.30"]
[EventType "swiss"]
[EventRounds "8"]
[EventCountry "ESP"]
[SourceTitle "EXT 2020"]
[Source "ChessBase"]
[SourceDate "2019.10.17"]
[SourceVersion "1"]
[SourceVersionDate "2019.10.17"]
[SourceQuality "1"]

1. e4 Nf6 2. Nc3 e5 3. Nf3 Nc6 4. d4 exd4 5. Nxd4 Bb4 6. Nxc6 Bxc3+ 7. bxc3 bxc6 8. Bd3 Qe7 9. 0-0 0-0 10. Re1 Re8 11. Bg5 Qe5 12. f4 Qxc3 13. e5 Nd5 14. Qh5 g6 15. Qh6 Nb4 16. Kh1 Nxd3 17. Bf6 Nf2+ 18. Kg1 Nh3+ 19. gxh3 Qc5+ 20. Kg2 Qf8 21. Qh4 Rb8 22. f5 Rb2 23. Re4 Rxc2+ 24. Kh1 h5 25. Rg1 Qa3 26. Qxh5 Rxh2+ 27. Kxh2 1-0

[Event "Llinars del Valles op-B 8th"]
[Site "Llinars del Valles"]
[Date "2014.05.03"]
[Round "2"]
[White "Iglesias Rodriguez, Joel"]
[Black "Torres Camps, Aleix"]
[Result "1-0"]
[WhiteElo "1983"]
[BlackElo "1840"]
[PlyCount "87"]
[EventDate "2014.04.26"]
[EventType "swiss"]
[EventRounds "8"]
[EventCountry "ESP"]
[SourceTitle "EXT 2015"]
[Source "ChessBase"]
[SourceDate "2014.11.20"]
[SourceVersion "1"]
[SourceVersionDate "2014.11.20"]
[SourceQuality "1"]

1. c4 Nf6 2. Nc3 e6 3. e4 d5 4. e5 d4 5. exf6 dxc3 6. bxc3 Qxf6 7. d4 Nc6 8. Nf3 Be7 9. Bd3 h6 10. 0-0 0-0 11. Re1 b6 12. Be4 Bb7 13. Ne5 Na5 14. Nd7 Qh4 15. Bxb7 Nxb7 16. Qf3 Bd6 17. Nxf8 Qxh2+ 18. Kf1 Rxf8 19. Qxb7 c5 20. Be3 cxd4 21. cxd4 e5 22. Qf3 exd4 23. Bxd4 Qh4 24. Re4 Qg5 25. Rg4 Qd8 26. Rxg7+ Kh8 27. Rxf7+ Kg8 28. Qg4+ Kxf7 29. Qg7+ Ke8 30. Re1+ Be7 31. Bf6 Rf7 32. Qg8+ Rf8 33. Qg6+ Rf7 34. Rxe7+ Qxe7 35. Bxe7 Kxe7 36. Qxh6 Rf6 37. Qe3+ Kd6 38. g4 Re6 39. Qd4+ Ke7 40. f4 Kf7 41. f5 Re7 42. g5 Kf8 43. Qh8+ Kf7 44. g6# 1-0

[Event "Llinars del Valles op-B 7th"]
[Site "Llinars del Valles"]
[Date "2013.04.27"]
[Round "3"]
[White "Iglesias Rodriguez, Joel"]
[Black "Salagran Ferragut, Eduard"]
[Result "1/2-1/2"]
[WhiteElo "1669"]
[BlackElo "1559"]
[PlyCount "64"]
[EventDate "2013.04.13"]
[EventType "swiss"]
[EventRounds "7"]
[EventCountry "ESP"]
[SourceTitle "CBM 154 Extra"]
[Source "ChessBase"]
[SourceDate "2013.06.25"]
[SourceVersion "2"]
[SourceVersionDate "2013.06.25"]
[SourceQuality "1"]

1. d4 c5 2. Nf3 Nf6 3. Nc3 cxd4 4. Nxd4 Nc6 5. Bg5 Qb6 6. Nb3 e6 7. a3 d5 8. e3 Be7 9. Bd3 0-0 10. Qe2 Ne5 11. 0-0-0 Nxd3+ 12. Rxd3 Bd7 13. e4 Rfe8 14. Bxf6 Bxf6 15. e5 Bg5+ 16. Kb1 a5 17. Qh5 Be7 18. Rh3 h6 19. Rf3 Rf8 20. Qg4 Kh7 21. Nxd5 Qd8 22. Nxe7 Qxe7 23. Rd1 a4 24. Nc5 Qxc5 25. Rxd7 Rac8 26. c3 Rc7 27. Qxa4 Qxe5 28. Rxc7 Qxc7 29. Qf4 Qd7 30. Qd4 Qc7 31. Rg3 e5 32. Qg4 f6 1/2-1/2

[Event "Catalunya Valles West-ch U18"]
[Site "Catalunya"]
[Date "2013.02.23"]
[Round "5.2"]
[White "Iglesias Rodriguez, Joel"]
[Black "Cruz, Jefferson"]
[Result "1-0"]
[WhiteElo "1920"]
[BlackElo "2028"]
[PlyCount "53"]
[EventDate "2013.01.26"]
[EventType "swiss"]
[EventRounds "6"]
[EventCountry "ESP"]
[SourceTitle "EXT 2024"]
[Source "ChessBase"]
[SourceDate "2023.10.10"]
[SourceVersion "1"]
[SourceVersionDate "2023.10.10"]
[SourceQuality "1"]

1. Nf3 Nf6 2. Nc3 d5 3. d4 Bf5 4. Bf4 e6 5. e3 Be7 6. Bd3 Bg6 7. Ne5 0-0 8. g4 Nfd7 9. Bxg6 hxg6 10. Qd3 c5 11. 0-0-0 c4 12. Qe2 Nxe5 13. Bxe5 Nc6 14. e4 b5 15. exd5 exd5 16. Qf3 b4 17. Nxd5 Qa5 18. Nxe7+ Nxe7 19. Bd6 Rfe8 20. Bxe7 Rac8 21. Bc5 c3 22. bxc3 bxc3 23. Rd3 Qxa2 24. Rxc3 Rxc5 25. dxc5 Rd8 26. Ra3 Qc4 27. Rd1 1-0

[Event "Catalunya Valles West-ch U18"]
[Site "Catalunya"]
[Date "2013.02.09"]
[Round "3.1"]
[White "Iglesias Rodriguez, Joel"]
[Black "Martinez Perez, Pablo"]
[Result "0-1"]
[WhiteElo "1920"]
[BlackElo "1845"]
[PlyCount "104"]
[EventDate "2013.01.26"]
[EventType "swiss"]
[EventRounds "6"]
[EventCountry "ESP"]
[SourceTitle "EXT 2024"]
[Source "ChessBase"]
[SourceDate "2023.10.10"]
[SourceVersion "1"]
[SourceVersionDate "2023.10.10"]
[SourceQuality "1"]

1. e4 e5 2. Nf3 Nc6 3. d4 exd4 4. Nxd4 Qf6 5. Be3 Bc5 6. c3 Nge7 7. Bc4 0-0 8. 0-0 Ne5 9. Nd2 Nxc4 10. Nxc4 d5 11. Nd2 Bb6 12. exd5 Nxd5 13. Ne4 Qg6 14. Qc2 Nxe3 15. fxe3 Re8 16. Rf4 c5 17. Qa4 Bh3 18. Ng3 cxd4 19. exd4 Be6 20. Re1 Bc7 21. Rf3 Qg5 22. Rfe3 Bxg3 23. hxg3 Qd5 24. Re5 Qd7 25. Qc2 Bc4 26. Qe4 Rxe5 27. Qxe5 Qe6 28. b3 Qxe5 29. Rxe5 Be6 30. c4 Re8 31. Rc5 Rc8 32. Re5 Kf8 33. c5 Rd8 34. Re4 Rd5 35. Kf2 h6 36. Ke3 Rg5 37. Kf2 Ke7 38. Re3 Kd7 39. a4 Rg4 40. Rd3 Kc6 41. Kf3 Kd5 42. Ke3 Re4+ 43. Kf2 Rxd4 44. Re3 Bf5 45. Rf3 Bg6 46. Rc3 Rd3 47. Rc1 Rxb3 48. g4 Ra3 49. Re1 Rxa4 50. Kg3 Re4 51. Ra1 a6 52. Kf3 Kxc5 0-1

[Event "Catalunya Valles West-ch U18"]
[Site "Catalunya"]
[Date "2013.01.26"]
[Round "1.2"]
[White "Iglesias Rodriguez, Joel"]
[Black "Vilasaro Ruiz, Gerard"]
[Result "1/2-1/2"]
[WhiteElo "1920"]
[BlackElo "1828"]
[PlyCount "127"]
[EventDate "2013.01.26"]
[EventType "swiss"]
[EventRounds "6"]
[EventCountry "ESP"]
[SourceTitle "EXT 2024"]
[Source "ChessBase"]
[SourceDate "2023.10.10"]
[SourceVersion "1"]
[SourceVersionDate "2023.10.10"]
[SourceQuality "1"]

1. c4 Nf6 2. Nc3 d5 3. cxd5 Nxd5 4. g3 g6 5. Bg2 Nxc3 6. bxc3 Bg7 7. e3 Nd7 8. a4 0-0 9. Qb3 Rb8 10. Ba3 b6 11. Ne2 Ba6 12. Nd4 Ne5 13. Nc6 Nxc6 14. Bxc6 Qd3 15. Bb5 Qe4 16. Rf1 Bxb5 17. axb5 Ra8 18. Qb4 Qd3 19. Ra2 a5 20. bxa6 Rxa6 21. f4 Rfa8 22. Kf2 e6 23. Rfa1 Bf8 24. Qb2 Rxa3 25. Rxa3 Bxa3 26. Rxa3 Rxa3 27. Qxa3 Qxd2+ 28. Kf3 Qxh2 29. Qe7 Qh1+ 30. Kf2 Qc6 31. Qd8+ Kg7 32. Qd4+ f6 33. g4 Qd6 34. Qc4 e5 35. Kf3 exf4 36. exf4 c6 37. Qa4 Qd3+ 38. Kf2 Qd7 39. Ke3 Qxg4 40. Qxc6 Qg1+ 41. Kd3 h5 42. Qc7+ Kh6 43. Qb8 Qd1+ 44. Kc4 Qd7 45. Qh8+ Qh7 46. Qxf6 Qc7+ 47. Kb5 Qc5+ 48. Ka6 Qc7 49. Qh8+ Qh7 50. Qe5 Qd7 51. Kxb6 Kh7 52. c4 h4 53. c5 Qd8+ 54. Kb5 h3 55. Qe1 h2 56. Qh1 Qd3+ 57. Kb6 Qb3+ 58. Ka5 Qg3 59. Qe4 Qg1 60. Qe7+ Kh6 61. Qh4+ Kg7 62. Qe7+ Kg8 63. Qe8+ Kg7 64. Qe7+ 1/2-1/2

[Event "Valles Occidental-ch U18 qual"]
[Site "Sabadell"]
[Date "2012.02.04"]
[Round "3.1"]
[White "Iglesias Rodriguez, Joel"]
[Black "Vilasaro Ruiz, Gerard"]
[Result "0-1"]
[WhiteElo "1860"]
[BlackElo "1784"]
[PlyCount "122"]
[EventDate "2012.01.21"]
[EventType "swiss"]
[EventRounds "5"]
[EventCountry "ESP"]
[SourceTitle "EXT 2024"]
[Source "ChessBase"]
[SourceDate "2023.10.10"]
[SourceVersion "1"]
[SourceVersionDate "2023.10.10"]
[SourceQuality "1"]

1. e4 e6 2. d4 d5 3. Nd2 c5 4. exd5 exd5 5. Ngf3 Nf6 6. dxc5 Bxc5 7. Nb3 Bb6 8. Bb5+ Nc6 9. Bg5 Be6 10. Nbd4 Rc8 11. Ne5 Bxd4 12. Qxd4 Qa5+ 13. c3 Qxb5 14. Nxc6 Rxc6 15. b3 Qc5 16. Bxf6 gxf6 17. Qxf6 Qxc3+ 18. Qxc3 Rxc3 19. Kd2 Rc6 20. b4 0-0 21. b5 Rc4 22. a4 Bf5 23. Ra3 Re8 24. Rc1 Rxc1 25. Kxc1 Re2 26. Rf3 Bg6 27. h4 Re4 28. h5 Bxh5 29. Rf5 Bg6 30. Rxd5 Rxa4 31. Rd7 b6 32. Kd2 a6 33. bxa6 Rxa6 34. Rb7 Kf8 35. f3 Ke8 36. g4 Kd8 37. f4 f5 38. g5 Kc8 39. Re7 b5 40. Re5 b4 41. Rb5 Ra4 42. Kc2 b3+ 43. Rxb3 Rxf4 44. Rg3 Rg4 45. Rxg4 fxg4+ 46. Kd2 Kd7 47. Ke3 Ke6 48. Kf4 Bh5 49. g6 hxg6 50. Kg3 Kf6 51. Kh4 Ke5 52. Kg3 Ke4 53. Kg2 Ke3 54. Kg1 Kf3 55. Kf1 Kg3 56. Kg1 g5 57. Kh1 Kf2 58. Kh2 g3+ 59. Kh3 g2 60. Kh2 g1Q+ 61. Kh3 Qg3# 0-1

[Event "Barcelona Tona op 1st"]
[Site "Barcelona"]
[Date "2011.12.05"]
[Round "1"]
[White "Triadu Cassa, Jordi"]
[Black "Iglesias Rodriguez, Joel"]
[Result "1-0"]
[WhiteElo "2267"]
[BlackElo "1851"]
[PlyCount "63"]
[EventDate "2011.12.05"]
[EventType "swiss"]
[EventRounds "8"]
[EventCountry "ESP"]
[SourceTitle "CBM 145 Extra"]
[Source "ChessBase"]
[SourceDate "2012.01.03"]
[SourceVersion "1"]
[SourceVersionDate "2012.01.03"]
[SourceQuality "1"]

1. e4 e5 2. Nf3 Nf6 3. Nxe5 Qe7 4. d4 c5 5. Bc4 d6 6. Bb5+ Bd7 7. Nxd7 Qxe4+ 8. Be3 Nbxd7 9. 0-0 Be7 10. Re1 h6 11. dxc5 Qf5 12. Bd3 Qd5 13. Nc3 Qc6 14. Bb5 Qc7 15. cxd6 Qxd6 16. Qxd6 Bxd6 17. Bf4+ Be7 18. Bd6 0-0 19. Bxe7 Rfe8 20. Rad1 Rec8 21. Bxd7 Rc7 22. Bxf6 gxf6 23. Re8+ Rxe8 24. Bxe8 Re7 25. Bb5 a6 26. Bd3 b5 27. Kf1 Kg7 28. Re1 Ra7 29. a4 b4 30. Nd5 a5 31. Re8 Rd7 32. Rg8+ 1-0

[Event "Catalunya-ch U16"]
[Site "Sabadell"]
[Date "2010.01.23"]
[Round "2.7"]
[White "Vilasaro Ruiz, Gerard"]
[Black "Iglesias Rodriguez, Joel"]
[Result "0-1"]
[WhiteElo "1700"]
[BlackElo "1708"]
[PlyCount "100"]
[EventDate "2010.01.16"]
[EventType "swiss"]
[EventRounds "6"]
[EventCountry "ESP"]
[SourceTitle "EXT 2024"]
[Source "ChessBase"]
[SourceDate "2023.10.10"]
[SourceVersion "1"]
[SourceVersionDate "2023.10.10"]
[SourceQuality "1"]

1. e4 e5 2. Nf3 Nf6 3. Nc3 Bb4 4. d4 Nxe4 5. Bd2 Bxc3 6. Bxc3 exd4 7. Bxd4 Qe7 8. Be2 0-0 9. 0-0 Nc6 10. Re1 Ng5 11. c3 d6 12. Qd2 Nxd4 13. Qxd4 Re8 14. Nxg5 Qxg5 15. Bd3 Bh3 16. Be4 c5 17. Qd3 d5 18. Bxd5 Rxe1+ 19. Rxe1 Rd8 20. Qxh3 Qxd5 21. f3 Qxa2 22. Qh4 Rf8 23. Re2 Qb1+ 24. Kf2 Qd3 25. Qe4 Qxe4 26. fxe4 b5 27. e5 a5 28. e6 fxe6+ 29. Ke1 Kf7 30. Re5 Rc8 31. b4 axb4 32. cxb4 cxb4 33. Rxb5 Rc4 34. Kd2 Kf6 35. Kd3 Rc3+ 36. Kd4 e5+ 37. Kd5 Rd3+ 38. Kc5 Rd2 39. Rxb4 Rxg2 40. h3 g5 41. Rb6+ Kf5 42. Rb7 h5 43. Rf7+ Ke6 44. Rg7 g4 45. Rg8 gxh3 46. Rh8 Rg5 47. Rh6+ Kf5 48. Rh8 h2 49. Kd5 h1Q+ 50. Kd6 Rg6+ 0-1